000 004570000a22001810004500
001 002329
003 MACL
005 20150919145929.0
008 150919b xxu||||| |||| 00| 0 eng d
040 _aMACL
_cMACL
041 _aEnglish
082 _a825
245 _aIndia M̜y Dream
_bA Ganda For The Nation
260 _aNew Delhi
_c2003
_bAll India Management Association,
350 _a100
650 _aEnglish Speeches
_911956
942 _k825
_cBK
_2ddc
999 _c14241
_d14241